000 00557nam a2200181Ia 4500
008 151202s9999||||xx |||||||||||||| ||und||
082 _bPNVM-60889
100 _aसामंत अनंत.
245 _aके फाइव्ह.
260 _b"मॅजेस्टिक प्रकाशन,गिरगाव."
260 _c60785
300 _a106
600 _aसामंत अनंत.
630 _aके फाइव्ह.
700 _aसामंत अनंत.
730 _aके फाइव्ह.
942 _cBOOK
999 _c1327423
_d1327420